LEADER 01135nam a2200265 u 4500 001 000000040926 003 CaOOAMICUS 005 20070226114145.0 008 980730s1990 gw u000 u ger u 020 $a3110104792 035 $a10801057 040 $aEFR$bita$dPUL(R) 245 00$aTheologische Realenzyklopädie.$pRegister zu Band 1-17 /$cerstellt von Frank Schumann und Michael Wolter. 260 $aBerlin :$bW. de Gruyter,$c1990. 300 $a229 p. ;$c25 cm 650 0$aChristianity$xEncyclopedias$xIndexes.$2//eng$0(OLS)http://pul/subject/18471 700 1 $aWolter, Michael,$d1950-$0(OLS)http://pul/name/25869 700 1 $aSchumann, Frank.$0(OLS)http://pul/name/30170 850 $aPUL 852 $aPUL$W1$xSL Cons. Gen., Altre Classi 1$y1$m2012.$j38437$nBK-PRI$b $qStampati$B55524$CPULBib$Z2$F55524 $H $81 941 1 $a8 961 $aINV: 64191 996 $6020$a3110104792$9(OLS)http://pul/number/50847 996 $6245$aTheologische Realenzyklopädie.$pRegister zu Band 1-17$9(OLS)http://pul/title/55203 996 $6260$aBerlin :$bW. de Gruyter$9(OLS)http://pul/publisher/48032 LEADER 01334nam a2200301 u 4500 001 000000077508 003 CaOOAMICUS 005 20070226123328.0 008 040209s2003 gau u000 u eng u 020 $a1589830822 035 $a10983789 040 $aPUL$bita 100 1 $aSkinner, Matthew L.$0(OLS)http://pul/name/51539 245 10$aLocating Paul :$bplaces of custody as narrative setting in Acts 21-28 /$cMatthew L. Skinner. 260 $aAtlanta :$bSociety of Biblical literature,$c2003. 300 $axiii, 234 p. ;$c23 cm 490 1 $aAcademia biblica ;$v13 500 $aComprende indice. 504 $aBibliografia: p. [203]-222. 600 04$aPaulus,$cs., apostolo.$0(OLS)http://pul/subject/417 630 04$aBiblia.$pN.T.$pActus apostolorum.$nXXI, 33-XXVIII, 31.$0(OLS)http://pul/subject/26939 830 0$aAcademia biblica ;$v13.$0(OLS)http://pul/title/101645 850 $aPUL 852 $aPUL$W1$xSL Religione 1$y3$m5 Q 1.13$j99546$nBK-PRI$b $qStampati$B99546$CPULBib$Z2$F99546 $HPUL93488 $81 941 1 $a8 996 $6020$a1589830822$9(OLS)http://pul/number/101617 996 $6245$aLocating Paul :$bplaces of custody as narrative setting in Acts 21-28$9(OLS)http://pul/title/101644 996 $6260$aAtlanta :$bSociety of Biblical literature$9(OLS)http://pul/publisher/75132